[Event "CAN-op U1400"]
[Site "Sault Ste Marie CAN"]
[Date "2017.07.14"]
[Round "7"]
[White "Vo, Peter"]
[Black "Yuan, Henry"]
[Result "0-1"]
[WhiteElo "1362"]
[BlackElo "961"]
[WhiteFideId "-1"]
[WhiteFideId "-1"]
[PlyCount "92"]
[GameId "2160767908344033"]
[EventDate "2017.07.08"]
[EventType "swiss"]
[EventRounds "9"]
[EventCountry "CAN"]
[SourceTitle "EXT 2022"]
[Source "ChessBase"]
[SourceDate "2021.10.06"]
[SourceVersion "1"]
[SourceVersionDate "2021.10.06"]
[SourceQuality "1"]

1. e4 e6 2. d4 d5 3. Nd2 c5 4. c3 Nc6 5. Ne2 Nf6 6. e5 Nd7 7. g3 f6 8. exf6 Nxf6 9. Bg2 Be7 10. O-O Bd7 11. Nf3 O-O 12. Nf4 Qb6 13. Re1 Ne4 14. Ne5 Nxe5 15. dxe5 Ng5 16. Qg4 Bc6 17. Nh5 g6 18. Bxg5 gxh5 19. Qxe6+ Rf7 20. Bxe7 Re8 21. Qh6 Rexe7 22. Qxh5 Qxb2 23. c4 Qxf2+ 24. Kh1 Rf5 25. Qe2 Qxe2 26. Rxe2 Rexe5 27. Rae1 Rxe2 28. Rxe2 Kf7 29. cxd5 Bxd5 30. Bxd5+ Rxd5 31. Rf2+ Ke6 32. Kg2 c4 33. Rb2 c3 34. Rxb7 Rd2+ 35. Kh3 Kd6 36. Rb1 Rxa2 37. Rc1 c2 38. Kg4 Kd5 39. Kf3 Kd4 40. h4 Kd3 41. h5 Kd2 42. Rh1 c1=Q 43. Rh2+ Kc3 44. Rxa2 Qd1+ 45. Kf4 Qd4+ 46. Kf5 Qd5+ 0-1

[Event "CAN-op U1400"]
[Site "Sault Ste Marie CAN"]
[Date "2017.07.14"]
[Round "7"]
[White "Wang, David"]
[Black "Locham, Divjot"]
[Result "0-1"]
[WhiteElo "1263"]
[BlackElo "1119"]
[WhiteFideId "-1"]
[WhiteFideId "-1"]
[PlyCount "108"]
[GameId "2160767908344034"]
[EventDate "2017.07.08"]
[EventType "swiss"]
[EventRounds "9"]
[EventCountry "CAN"]
[SourceTitle "EXT 2022"]
[Source "ChessBase"]
[SourceDate "2021.10.06"]
[SourceVersion "1"]
[SourceVersionDate "2021.10.06"]
[SourceQuality "1"]

1. e4 e5 2. Nf3 Nc6 3. Bc4 Nd4 4. Nxd4 exd4 5. O-O Nf6 6. d3 Be7 7. e5 Ng8 8. Qf3 d5 9. Bxd5 Be6 10. Bxb7 Rb8 11. Bc6+ Bd7 12. Bxd7+ Qxd7 13. b3 f6 14. exf6 Nxf6 15. Re1 O-O 16. Qe2 Rbe8 17. Qe6+ Qxe6 18. Rxe6 Bb4 19. Rxe8 Rxe8 20. Bd2 Bxd2 21. Nxd2 Re2 22. Rd1 Ng4 23. Ne4 Rxc2 24. Ra1 Ne5 25. h3 Nxd3 26. Rd1 Nf4 27. Ng5 Rxa2 28. Re1 Ne2+ 29. Kf1 d3 30. Rd1 Nc3 31. Re1 Kf8 32. Nxh7+ Kf7 33. Ng5+ Kg6 34. Ne4 d2 35. Nxd2 Rxd2 36. Re3 Rd1+ 37. Re1 Rxe1+ 38. Kxe1 Kf5 39. Kd2 Ne4+ 40. Ke3 Nc5 41. b4 Na6 42. b5 Nb4 43. Kd4 Ke6 44. Kc5 a5 45. bxa6 Nxa6+ 46. Kb5 Kd5 47. Kxa6 c5 48. f4 c4 49. g4 c3 50. f5 c2 51. g5 c1=Q 52. Kb5 Qb2+ 53. Ka5 Kc5 54. Ka4 Qb4# 0-1

[Event "CAN-op U1400"]
[Site "Sault Ste Marie CAN"]
[Date "2017.07.14"]
[Round "7"]
[White "Warusa, Kalan"]
[Black "Qiu, James"]
[Result "0-1"]
[WhiteElo "836"]
[BlackElo "1152"]
[WhiteFideId "-1"]
[WhiteFideId "-1"]
[PlyCount "98"]
[GameId "2160767908344035"]
[EventDate "2017.07.08"]
[EventType "swiss"]
[EventRounds "9"]
[EventCountry "CAN"]
[SourceTitle "EXT 2022"]
[Source "ChessBase"]
[SourceDate "2021.10.06"]
[SourceVersion "1"]
[SourceVersionDate "2021.10.06"]
[SourceQuality "1"]

1. e4 e6 2. d4 d5 3. exd5 exd5 4. Nc3 Nf6 5. Nf3 Bb4 6. Bd2 O-O 7. Be2 Nc6 8. O-O Bg4 9. a3 Bd6 10. Bg5 Bxf3 11. Bxf3 h6 12. Bxf6 Qxf6 13. Nxd5 Qh4 14. g3 Qxd4 15. Qxd4 Nxd4 16. Be4 Rfe8 17. Rfe1 f5 18. Bd3 Rxe1+ 19. Rxe1 Nf3+ 20. Kf1 Nxe1 21. Kxe1 Rd8 22. Bc4 b5 23. Nxc7+ bxc4 24. Nb5 Be5 25. b3 Re8 26. Kd2 cxb3 27. cxb3 Rb8 28. Nxa7 Rxb3 29. a4 Rb2+ 30. Kd3 Rxf2 31. a5 Rxh2 32. a6 Bxg3 33. Nc6 Ra2 34. Nb4 Ra3+ 35. Kc4 Bd6 36. Kb5 Bxb4 37. Kxb4 Rxa6 38. Kc3 f4 39. Kd3 f3 40. Ke3 Rf6 41. Kf2 g5 42. Kf1 f2 43. Ke2 f1=Q+ 44. Ke3 Qe1+ 45. Kd4 Rd6+ 46. Kc5 Rd7 47. Kc4 Qc1+ 48. Kb5 Rb7+ 49. Ka4 Qa1# 0-1

[Event "CAN-op U1400"]
[Site "Sault Ste Marie CAN"]
[Date "2017.07.14"]
[Round "7"]
[White "Zhao, Eric"]
[Black "Paquin, Jeremy"]
[Result "1/2-1/2"]
[WhiteElo "928"]
[BlackElo "1184"]
[WhiteFideId "-1"]
[WhiteFideId "-1"]
[PlyCount "35"]
[GameId "2160767908344036"]
[EventDate "2017.07.08"]
[EventType "swiss"]
[EventRounds "9"]
[EventCountry "CAN"]
[SourceTitle "EXT 2022"]
[Source "ChessBase"]
[SourceDate "2021.10.06"]
[SourceVersion "1"]
[SourceVersionDate "2021.10.06"]
[SourceQuality "1"]

1. d4 d5 2. c4 c6 3. Nc3 Nf6 4. Nf3 a6 5. a4 e6 6. Bg5 Nbd7 7. e3 Bb4 8. Be2 O-O 9. O-O dxc4 10. Bxc4 b5 11. axb5 cxb5 12. Bxb5 Bb7 13. Bd3 h6 14. Bh4 Be7 15. Qe2 Qb6 16. Rfd1 Bxf3 17. gxf3 a5 18. Kh1 1/2-1/2

[Event "CAN-op U1400"]
[Site "Sault Ste Marie CAN"]
[Date "2017.07.14"]
[Round "7.53"]
[White "Joseph Benher, Savio"]
[Black "Wang, Daniel1"]
[Result "0-1"]
[WhiteElo "1344"]
[BlackElo "1285"]
[WhiteFideId "-1"]
[WhiteFideId "-1"]
[PlyCount "98"]
[GameId "2160767908344037"]
[EventDate "2017.07.08"]
[EventType "swiss"]
[EventRounds "9"]
[EventCountry "CAN"]
[SourceTitle "EXT 2022"]
[Source "ChessBase"]
[SourceDate "2021.10.06"]
[SourceVersion "1"]
[SourceVersionDate "2021.10.06"]
[SourceQuality "1"]

1. e4 c5 2. Nf3 d6 3. d4 cxd4 4. Qxd4 Nc6 5. Bb5 Bd7 6. Bxc6 bxc6 7. O-O e5 8. Qd3 Be7 9. Nc3 h6 10. Be3 Nf6 11. h3 O-O 12. Rfd1 Qc7 13. Nd2 Be6 14. f4 d5 15. exd5 cxd5 16. fxe5 Qxe5 17. Nf3 Qf5 18. Nd4 Qxd3 19. Rxd3 Bd6 20. Ncb5 Be5 21. Nc6 Bd7 22. Nxe5 Bxb5 23. Rb3 Ba4 24. Rb7 Bxc2 25. Rc1 Be4 26. Re7 a5 27. Rcc7 d4 28. Nd7 Nxd7 29. Rcxd7 dxe3 30. Rxe4 Rfe8 31. Rde7 Kf8 32. R7e5 f6 33. Re6 Rxe6 34. Rxe6 Re8 35. Rxe8+ Kxe8 36. Kf1 f5 37. g3 g5 38. Ke2 f4 39. gxf4 gxf4 40. a3 Kd7 41. Kd3 a4 42. Ke2 Kc6 43. b4 axb3 44. h4 b2 45. a4 b1=Q 46. a5 Qc2+ 47. Kf3 e2 48. h5 e1=Q 49. Kxf4 Qce4# 0-1

[Event "CAN-op U1400"]
[Site "Sault Ste Marie CAN"]
[Date "2017.07.13"]
[Round "7.65"]
[White "Chakkoli, Anirud"]
[Black "Gaisinsky, Jacob"]
[Result "0-1"]
[WhiteElo "1174"]
[BlackElo "943"]
[WhiteFideId "-1"]
[WhiteFideId "-1"]
[PlyCount "128"]
[GameId "2160767908344039"]
[EventDate "2017.07.08"]
[EventType "swiss"]
[EventRounds "9"]
[EventCountry "CAN"]
[SourceTitle "EXT 2022"]
[Source "ChessBase"]
[SourceDate "2021.10.06"]
[SourceVersion "1"]
[SourceVersionDate "2021.10.06"]
[SourceQuality "1"]

1. e4 e5 2. Nf3 Nc6 3. Bc4 Nf6 4. Nc3 Nxe4 5. O-O Nxc3 6. bxc3 d5 7. Bb5 Bg4 8. Re1 Bd6 9. h3 Bh5 10. d4 e4 11. Be2 O-O 12. Nd2 Bxe2 13. Qxe2 f5 14. c4 Nxd4 15. Qf1 Nxc2 16. Bb2 Nxa1 17. Bxa1 Bb4 18. Rd1 c6 19. Nb3 f4 20. Nd4 Qd6 21. cxd5 cxd5 22. f3 Bc5 23. fxe4 dxe4 24. Kh1 Bxd4 25. Qc4+ Rf7 26. Rxd4 Qc6 27. Qe2 Qc1+ 28. Rd1 Qe3 29. Qb2 f3 30. gxf3 Qxf3+ 31. Kh2 Qxd1 32. a4 e3 33. Qxg7+ Rxg7 34. Bxg7 Kxg7 35. a5 Qe2+ 36. Kg1 Qa6 37. h4 Qxa5 38. h5 Qxh5 39. Kg2 Qe2+ 40. Kh3 Qf1+ 41. Kg3 e2 42. Kg4 e1=R 43. Kg3 Rae8 44. Kg4 Rb8 45. Kg3 Qc4 46. Kg2 Qb3 47. Kh2 Kg6 48. Kg2 Kg5 49. Kh2 Kg4 50. Kg2 Qh3+ 51. Kf2 h5 52. Kxe1 Qg3+ 53. Kd2 Qf3 54. Kc2 Qe3 55. Kb2 Qd3 56. Ka1 Qd2 57. Kb1 b5 58. Ka1 a5 59. Kb1 b4 60. Ka1 a4 61. Kb1 b3 62. Ka1 a3 63. Kb1 a2+ 64. Ka1 Qc3# 0-1

[Event "CAN-op U1400"]
[Site "Sault Ste Marie CAN"]
[Date "2017.07.14"]
[Round "7.66"]
[White "Jiang, William"]
[Black "Cameron, Brian"]
[Result "0-1"]
[WhiteElo "659"]
[BlackElo "900"]
[WhiteFideId "-1"]
[WhiteFideId "-1"]
[PlyCount "48"]
[GameId "2160767908344040"]
[EventDate "2017.07.08"]
[EventType "swiss"]
[EventRounds "9"]
[EventCountry "CAN"]
[SourceTitle "hb 2017"]

1. e4 e5 2. Nf3 Nc6 3. Bb5 Nf6 4. O-O a6 5. Ba4 b5 6. Bb3 Nxe4 7. Re1 Nf6 8. Nxe5 Nxe5 9. Rxe5+ Be7 10. d4 O-O 11. Qf3 h6 12. Qxa8 c6 13. Nc3 Qc7 14. Rxe7 Bb7 15. Qxf8+ Kxf8 16. Rxf7+ Ke8 17. Rxg7 d5 18. Bxh6 Qb6 19. Re1+ Kd8 20. Bg5 Kc8 21. Bxf6 Kb8 22. Re8+ Ka7 23. Ne2 Qa5 24. Bd8 Qe1# 0-1

[Event "CAN-op U1400"]
[Site "Sault Ste Marie CAN"]
[Date "2017.07.14"]
[Round "8"]
[White "Qiu, James"]
[Black "Mukherjee, Pranoy"]
[Result "1-0"]
[WhiteElo "1152"]
[BlackElo "1048"]
[WhiteFideId "-1"]
[WhiteFideId "-1"]
[PlyCount "71"]
[GameId "2160767739780347"]
[EventDate "2017.07.08"]
[EventType "swiss"]
[EventRounds "9"]
[EventCountry "CAN"]
[SourceTitle "EXT 2022"]
[Source "ChessBase"]
[SourceDate "2021.10.06"]
[SourceVersion "1"]
[SourceVersionDate "2021.10.06"]
[SourceQuality "1"]

1. e4 e6 2. d4 d5 3. Nc3 Bb4 4. Bd3 Nf6 5. Bg5 Qd7 6. Bxf6 gxf6 7. Nf3 Nc6 8. O-O Rg8 9. e5 fxe5 10. Nxe5 Nxe5 11. dxe5 b6 12. Bxh7 Rg7 13. Bd3 Bb7 14. Qh5 O-O-O 15. Nb5 a6 16. Nd4 Bc5 17. c3 Bxd4 18. cxd4 Rdg8 19. g3 Qa4 20. Rfd1 Qe8 21. Qe2 a5 22. Rac1 Qe7 23. Qc2 f5 24. Bxf5 exf5 25. Qxf5+ Kb8 26. Qf4 Rg4 27. Qh6 R8g6 28. Qh8+ Ka7 29. Kf1 Ba6+ 30. Kg2 Rh4 31. Rxc7+ Qxc7 32. Qxh4 Qc2 33. Re1 Bc8 34. Qe7+ Ka6 35. Qe8 Re6 36. Qf8 {time} 1-0

[Event "CAN-op U1400"]
[Site "Sault Ste Marie CAN"]
[Date "2017.07.15"]
[Round "8"]
[White "Ai, Amy"]
[Black "Dong, Yiwei"]
[Result "1-0"]
[WhiteElo "1260"]
[BlackElo "1256"]
[WhiteFideId "-1"]
[WhiteFideId "-1"]
[PlyCount "97"]
[GameId "2160767908344042"]
[EventDate "2017.07.08"]
[EventType "swiss"]
[EventRounds "9"]
[EventCountry "CAN"]
[SourceTitle "EXT 2022"]
[Source "ChessBase"]
[SourceDate "2021.10.06"]
[SourceVersion "1"]
[SourceVersionDate "2021.10.06"]
[SourceQuality "1"]

1. e4 e6 2. d4 d5 3. e5 c5 4. c3 Nc6 5. Nf3 Bd7 6. Be2 Nge7 7. O-O Nf5 8. dxc5 Qc7 9. Bf4 f6 10. b4 a5 11. a3 axb4 12. cxb4 Be7 13. exf6 Qxf4 14. fxe7 Nfxe7 15. Qd2 Qxd2 16. Nbxd2 O-O 17. Rfe1 Ra7 18. Nb3 Nf5 19. Bb5 Re8 20. Na5 h6 21. Nxc6 bxc6 22. Bd3 Kf7 23. Bxf5 exf5 24. Ne5+ Kf8 25. Nxd7+ Rxd7 26. Rxe8+ Kxe8 27. Kf1 Ke7 28. Ke2 Ra7 29. Ke3 Kf6 30. Kd4 Ke6 31. a4 Rb7 32. Kc3 Ke5 33. Re1+ Kf6 34. Rb1 Ra7 35. Kb3 Rb7 36. Re1 Rb8 37. a5 g5 38. Ka4 h5 39. a6 Rb5 40. a7 d4 41. a8=Q f4 42. Qxc6+ Kf5 43. Qxb5 g4 44. h4 g3 45. fxg3 fxg3 46. Qe8 d3 47. Rf1+ Kg4 48. Qg6+ Kxh4 49. Rh1# 1-0

[Event "CAN-op U1400"]
[Site "Sault Ste Marie CAN"]
[Date "2017.07.15"]
[Round "8"]
[White "Cameron, Brian"]
[Black "Mainville, Yanic"]
[Result "0-1"]
[WhiteElo "900"]
[BlackElo "1148"]
[WhiteFideId "-1"]
[WhiteFideId "-1"]
[PlyCount "30"]
[GameId "2160767908344043"]
[EventDate "2017.07.08"]
[EventType "swiss"]
[EventRounds "9"]
[EventCountry "CAN"]
[SourceTitle "EXT 2022"]
[Source "ChessBase"]
[SourceDate "2021.10.06"]
[SourceVersion "1"]
[SourceVersionDate "2021.10.06"]
[SourceQuality "1"]

1. e4 e5 2. Nf3 Nc6 3. Bc4 Nf6 4. Nc3 Nxe4 5. Nxe4 d5 6. Ng3 dxc4 7. O-O Bg4 8. b3 Qf6 9. bxc4 e4 10. Re1 O-O-O 11. Rb1 exf3 12. Bb2 Qg5 13. Ne4 Qf4 14. g3 Qh6 15. c3 Qh3 0-1

[Event "CAN-op U1400"]
[Site "Sault Ste Marie CAN"]
[Date "2017.07.15"]
[Round "8"]
[White "Chen, Andrew2"]
[Black "Vo, Peter"]
[Result "1-0"]
[WhiteElo "1009"]
[BlackElo "1362"]
[WhiteFideId "-1"]
[WhiteFideId "-1"]
[PlyCount "67"]
[GameId "2160767908344044"]
[EventDate "2017.07.08"]
[EventType "swiss"]
[EventRounds "9"]
[EventCountry "CAN"]
[SourceTitle "EXT 2022"]
[Source "ChessBase"]
[SourceDate "2021.10.06"]
[SourceVersion "1"]
[SourceVersionDate "2021.10.06"]
[SourceQuality "1"]

1. d4 Nf6 2. c4 e6 3. Nc3 Bb4 4. Bd2 Bxc3 5. Bxc3 O-O 6. Qc2 d5 7. e3 b6 8. Bd3 Bb7 9. f3 h6 10. Ne2 c5 11. O-O Nbd7 12. cxd5 exd5 13. Ng3 Re8 14. Rae1 Rc8 15. Qf2 cxd4 16. exd4 Qc7 17. Bf5 Rcd8 18. a3 Qb8 19. Bb4 Ba6 20. Rxe8+ Rxe8 21. Re1 Bc4 22. Re3 a5 23. Bc3 b5 24. Bxa5 Rxe3 25. Qxe3 Qa7 26. Bb4 Qa4 27. h3 Nb8 28. Qe7 Qd1+ 29. Kh2 g6 30. Qf8+ Kh7 31. Qxf7+ Kh8 32. Qxf6+ Kg8 33. Be6+ Kh7 34. Qf7+ 1-0

[Event "CAN-op U1400"]
[Site "Sault Ste Marie CAN"]
[Date "2017.07.15"]
[Round "8"]
[White "Hay, Jonathan"]
[Black "Bai, Kingsley"]
[Result "1-0"]
[WhiteElo "1002"]
[BlackElo "652"]
[WhiteFideId "-1"]
[WhiteFideId "-1"]
[PlyCount "55"]
[GameId "2160767908344047"]
[EventDate "2017.07.08"]
[EventType "swiss"]
[EventRounds "9"]
[EventCountry "CAN"]

1. e4 e6 2. d4 d5 3. e5 c5 4. c3 Nc6 5. Nf3 Qb6 6. Bd3 cxd4 7. cxd4 Bd7 8. O-O O-O-O 9. Qc2 f6 10. Bd2 fxe5 11. Nxe5 Bd6 12. Nf7 Rf8 13. Nxd6+ Kb8 14. Bc3 Qc7 15. Nb5 Qf4 16. Bb4 Rc8 17. Bd6+ Qxd6 18. Nxd6 Rf8 19. Bb5 Nxd4 20. Qd3 Nxb5 21. Nxb5 Bxb5 22. Qxb5 Rf6 23. Qe8+ Kc7 24. Rc1+ Kd6 25. Qb8+ Ke7 26. Qxb7+ Kd6 27. Qxa7 Rg6 28. Qc7# 1-0

[Event "CAN-op U1400"]
[Site "Sault Ste Marie CAN"]
[Date "2017.07.15"]
[Round "8"]
[White "Jiang, Kate"]
[Black "Joseph Benher, Savio"]
[Result "1-0"]
[WhiteElo "875"]
[BlackElo "1344"]
[WhiteFideId "-1"]
[WhiteFideId "-1"]
[PlyCount "105"]
[GameId "2160767908344048"]
[EventDate "2017.07.08"]
[EventType "swiss"]
[EventRounds "9"]
[EventCountry "CAN"]
[SourceTitle "EXT 2022"]
[Source "ChessBase"]
[SourceDate "2021.10.06"]
[SourceVersion "1"]
[SourceVersionDate "2021.10.06"]
[SourceQuality "1"]

1. e4 e6 2. d4 d5 3. Nc3 dxe4 4. Nxe4 Nd7 5. Nf3 Be7 6. Bc4 Ngf6 7. Nc3 O-O 8. O-O b6 9. Re1 Bb7 10. h3 c5 11. d5 exd5 12. Nxd5 Nxd5 13. Bxd5 Bxd5 14. Qxd5 Re8 15. Bg5 Nf6 16. Qxd8 Raxd8 17. Rad1 Kf8 18. Ne5 Rd6 19. Rxd6 Bxd6 20. Bxf6 Kg8 21. Bh4 Rxe5 22. Rd1 Bf8 23. Rd8 f6 24. Bg3 Re2 25. Bd6 g6 26. Rxf8+ Kg7 27. Ra8 Rxc2 28. Rxa7+ Kh6 29. b3 Rc1+ 30. Kh2 Rc2 31. f3 c4 32. bxc4 Rxc4 33. Rb7 Ra4 34. a3 Ra6 35. Bf8+ Kg5 36. Rxh7 b5 37. Rb7 f5 38. Rxb5 Ra8 39. Be7+ Kh5 40. Rb4 g5 41. a4 f4 42. Bc5 Rc8 43. Rb5 Ra8 44. a5 Ra6 45. Bb4 Kh4 46. Rb6 Ra8 47. a6 Kh5 48. Bc5 g4 49. hxg4+ Kg5 50. Rc6 Rh8+ 51. Kg1 Kh4 52. a7 Kg3 53. Bf2# 1-0

[Event "CAN-op U1400"]
[Site "Sault Ste Marie CAN"]
[Date "2017.07.15"]
[Round "8"]
[White "Jiang, William"]
[Black "Chen, Alina Yuexi"]
[Result "1-0"]
[WhiteElo "659"]
[BlackElo "670"]
[WhiteFideId "-1"]
[WhiteFideId "-1"]
[PlyCount "55"]
[GameId "2160767908344049"]
[EventDate "2017.07.08"]
[EventType "swiss"]
[EventRounds "9"]
[EventCountry "CAN"]
[SourceTitle "EXT 2022"]
[Source "ChessBase"]
[SourceDate "2021.10.06"]
[SourceVersion "1"]
[SourceVersionDate "2021.10.06"]
[SourceQuality "1"]

1. e4 e5 2. Nf3 Nc6 3. Bb5 Bc5 4. O-O d6 5. Nc3 Nf6 6. d4 exd4 7. Nxd4 Bxd4 8. Qxd4 a6 9. Bxc6+ bxc6 10. Qa4 Bd7 11. Re1 O-O 12. e5 Re8 13. Bg5 Qe7 14. Bxf6 gxf6 15. f4 dxe5 16. fxe5 fxe5 17. Re3 Rab8 18. Rg3+ Kf8 19. Qe4 h6 20. Qh7 Qe6 21. Qg8+ Ke7 22. Qg7 Rxb2 23. Re1 Kd8 24. Rge3 Qf5 25. Rxe5 Rxe5 26. Rxe5 Qg6 27. Qf8+ Be8 28. Qxe8# 1-0

[Event "CAN-op U1400"]
[Site "Sault Ste Marie CAN"]
[Date "2017.07.15"]
[Round "8"]
[White "Li, Gabriel"]
[Black "Warusa, Kalan"]
[Result "1-0"]
[WhiteElo "813"]
[BlackElo "836"]
[WhiteFideId "-1"]
[WhiteFideId "-1"]
[PlyCount "39"]
[GameId "2160767908344050"]
[EventDate "2017.07.08"]
[EventType "swiss"]
[EventRounds "9"]
[EventCountry "CAN"]
[SourceTitle "EXT 2022"]
[Source "ChessBase"]
[SourceDate "2021.10.06"]
[SourceVersion "1"]
[SourceVersionDate "2021.10.06"]
[SourceQuality "1"]

1. e4 c5 2. Nf3 d6 3. d4 cxd4 4. Nxd4 Nf6 5. Nc3 g6 6. Be2 Bg7 7. Be3 O-O 8. Qd2 Re8 9. O-O-O Nc6 10. Nxc6 bxc6 11. h4 Qc7 12. h5 gxh5 13. Bxh5 Nxh5 14. Rxh5 Be6 15. Rdh1 Rab8 16. Bh6 Qb7 17. Bxg7 Qxb2+ 18. Kd1 Bg4+ 19. Ne2 Bxh5 20. Bxb2 1-0

[Event "CAN-op U1400"]
[Site "Sault Ste Marie CAN"]
[Date "2017.07.15"]
[Round "8"]
[White "Wang, Daniel1"]
[Black "Lu, Lucas Yunkun"]
[Result "1-0"]
[WhiteElo "1285"]
[BlackElo "1299"]
[WhiteFideId "-1"]
[WhiteFideId "-1"]
[PlyCount "83"]
[GameId "2160767908344052"]
[EventDate "2017.07.08"]
[EventType "swiss"]
[EventRounds "9"]
[EventCountry "CAN"]
[SourceTitle "EXT 2022"]
[Source "ChessBase"]
[SourceDate "2021.10.06"]
[SourceVersion "1"]
[SourceVersionDate "2021.10.06"]
[SourceQuality "1"]

1. e4 c5 2. c3 d6 3. d4 cxd4 4. cxd4 Nf6 5. Nc3 g6 6. Nf3 Bg7 7. Bc4 Nc6 8. h3 Bd7 9. O-O O-O 10. Re1 Rc8 11. e5 dxe5 12. dxe5 Ne8 13. e6 fxe6 14. Qxd7 Qxd7 15. Bxe6+ Qxe6 16. Rxe6 Nd6 17. Nd5 Rce8 18. Nxe7+ Rxe7 19. Rxd6 Re2 20. Rd2 Re6 21. Rb1 Nb4 22. a3 Na2 23. Rc2 Nxc1 24. Rbxc1 Bh6 25. Rd1 Rf7 26. Kh2 Bf4+ 27. g3 Bh6 28. Kg2 Ref6 29. Ne5 Re7 30. Ng4 Rb6 31. Nxh6+ Kg7 32. Ng4 h5 33. Ne3 Rf7 34. Rcd2 Rbf6 35. Nd5 Rf5 36. Nf4 R5f6 37. Rd7 Rb6 38. Rxf7+ Kxf7 39. b4 a6 40. Rd7+ Kf8 41. Nd5 Rb5 42. a4 1-0

[Event "CAN-op U1400"]
[Site "Sault Ste Marie CAN"]
[Date "2017.07.15"]
[Round "8"]
[White "Yuan, Henry"]
[Black "Locham, Divjot"]
[Result "1/2-1/2"]
[WhiteElo "961"]
[BlackElo "1119"]
[WhiteFideId "-1"]
[WhiteFideId "-1"]
[PlyCount "125"]
[GameId "2160767908344053"]
[EventDate "2017.07.08"]
[EventType "swiss"]
[EventRounds "9"]
[EventCountry "CAN"]
[SourceTitle "EXT 2022"]
[Source "ChessBase"]
[SourceDate "2021.10.06"]
[SourceVersion "1"]
[SourceVersionDate "2021.10.06"]
[SourceQuality "1"]

1. e4 e5 2. Nf3 Nc6 3. Bc4 Nd4 4. Nxd4 exd4 5. O-O Nf6 6. e5 d5 7. exf6 dxc4 8. fxg7 Bxg7 9. Qe2+ Qe7 10. Qxc4 a6 11. Qd3 Bd7 12. Qg3 Rg8 13. Qxc7 Bb5 14. Qxe7+ Kxe7 15. Re1+ Kd7 16. a4 Bc6 17. c3 Rae8 18. Rxe8 Rxe8 19. Kf1 b5 20. cxd4 bxa4 21. Nc3 Bxd4 22. f3 a5 23. d3 Be5 24. f4 Bc7 25. Nxa4 Rg8 26. g3 Bb5 27. Nc5+ Kc6 28. Nb3 Bxd3+ 29. Ke1 Ra8 30. Kd2 Bg6 31. f5 Bh5 32. Kc3 Be5+ 33. Kd3 Bc7 34. Ra4 Rd8+ 35. Nd4+ Kc5 36. Rc4+ Kb6 37. Be3 Be5 38. Ke4 Bxd4 39. Bxd4+ Kb7 40. Kf4 Be2 41. Ra4 Bb5 42. Bf6 Rd6 43. Rxa5 Kb6 44. Ke5 Kxa5 45. Kxd6 Bc4 46. Ke7 Bb3 47. Kf8 h5 48. Kg7 Kb5 49. Kh6 h4 50. Bxh4 Kc6 51. Kg7 Kd6 52. Bf6 Kd5 53. h4 Ke4 54. h5 Kxf5 55. h6 Kg4 56. h7 Kxg3 57. h8=Q Kg4 58. Qh4+ Kf5 59. Qg5+ Ke4 60. Qe5+ Kd3 61. Qc3+ Ke4 62. Qxb3 Kf5 63. Qc4 1/2-1/2

[Event "CAN-op U1400"]
[Site "Sault Ste Marie CAN"]
[Date "2017.07.15"]
[Round "8"]
[White "Zhao, Eric"]
[Black "Chen, Derek1"]
[Result "0-1"]
[WhiteElo "928"]
[BlackElo "1336"]
[WhiteFideId "-1"]
[WhiteFideId "-1"]
[PlyCount "116"]
[GameId "2160767908344054"]
[EventDate "2017.07.08"]
[EventType "swiss"]
[EventRounds "9"]
[EventCountry "CAN"]
[SourceTitle "EXT 2022"]
[Source "ChessBase"]
[SourceDate "2021.10.06"]
[SourceVersion "1"]
[SourceVersionDate "2021.10.06"]
[SourceQuality "1"]

1. d4 Nf6 2. c4 b6 3. Nc3 Bb7 4. Nf3 e6 5. Bg5 Bb4 6. a3 Bxc3+ 7. bxc3 d6 8. e3 Nbd7 9. Bd3 O-O 10. O-O h6 11. Bh4 c5 12. Re1 Qc7 13. Rc1 Rac8 14. Bg3 Nh5 15. Bh4 Qc6 16. e4 Nf4 17. d5 Qc7 18. Bc2 Rfe8 19. Qd2 Ng6 20. Bg3 e5 21. Rb1 Nf6 22. Nh4 Nh5 23. Nxg6 fxg6 24. Rf1 Nxg3 25. fxg3 Rf8 26. a4 Rf7 27. Qe2 Rcf8 28. Qg4 Rxf1+ 29. Rxf1 Rxf1+ 30. Kxf1 Qf7+ 31. Qf3 Qxf3+ 32. gxf3 Kf7 33. Kf2 g5 34. h3 Ke7 35. Ke3 Kf6 36. g4 g6 37. Kd2 h5 38. Kc1 Ke7 39. Kb2 Kd8 40. Ka3 Kc7 41. Bd3 Bc8 42. Be2 Bd7 43. Bd3 Kb7 44. Be2 Ka6 45. Bd1 Ka5 46. Bc2 a6 47. Bd1 b5 48. axb5 axb5 49. cxb5 Bxb5 50. Kb2 Bf1 51. Kc2 Bxh3 52. gxh5 gxh5 53. f4 exf4 54. Bxh5 g4 55. e5 dxe5 56. Kd2 g3 57. Bf3 g2 58. Bxg2 Bxg2 0-1

[Event "CAN-op U1400"]
[Site "Sault Ste Marie CAN"]
[Date "2017.07.15"]
[Round "8.57"]
[White "Yang, Henry"]
[Black "Paquin, Jeremy"]
[Result "1-0"]
[WhiteElo "1318"]
[BlackElo "1184"]
[WhiteFideId "-1"]
[WhiteFideId "-1"]
[PlyCount "143"]
[GameId "2160767908344055"]
[EventDate "2017.07.08"]
[EventType "swiss"]
[EventRounds "9"]
[EventCountry "CAN"]
[SourceTitle "hb 2017"]

1. e4 e6 2. d4 d5 3. Nc3 Bb4 4. exd5 exd5 5. Nf3 Ne7 6. h3 O-O 7. Bd3 b6 8. O-O Ba6 9. Re1 Bxd3 10. Qxd3 c5 11. a3 c4 12. Qd1 Bd6 13. Bg5 f6 14. Bh4 Nbc6 15. Nb5 Bb8 16. Qd2 a6 17. Nc3 Qd7 18. Na4 Ba7 19. Re2 Nf5 20. Bg3 Nxg3 21. fxg3 Nxd4 22. Nxd4 Qxa4 23. Kh2 Qd7 24. Rae1 Rae8 25. Rxe8 Rxe8 26. Rxe8+ Qxe8 27. Kg1 b5 28. Kf1 Qd7 29. Qf4 Bb6 30. Qb8+ Qd8 31. Qf4 Bc7 32. Qd2 Bxg3 33. Nc6 Qd6 34. Qxd5+ Qxd5 35. Ne7+ Kf7 36. Nxd5 Be5 37. c3 a5 38. Ke2 Ke6 39. Ne3 h5 40. Kf3 g5 41. Ke4 Bf4 42. Nd5 Be5 43. Ne3 h4 44. Nf5 Kd7 45. Kd5 Bf4 46. Nd4 Bc1 47. Nxb5 Bxb2 48. a4 Bc1 49. Kxc4 Kc6 50. Nd4+ Kb6 51. Nb3 Ba3 52. Na1 f5 53. Nc2 Bc5 54. Ne1 g4 55. Kd5 gxh3 56. gxh3 f4 57. Nf3 Be3 58. Nxh4 Bf2 59. Nf3 Kc7 60. Ke6 Kc6 61. h4 Bxh4 62. Nxh4 Kc5 63. Kd7 Kb6 64. Kd6 Kb7 65. c4 Kc8 66. c5 Kb7 67. c6+ Kc8 68. c7 Kb7 69. Kd7 Kb6 70. c8=Q f3 71. Qc6+ Ka7 72. Kc7 1-0

[Event "CAN-op U1400"]
[Site "Sault Ste Marie CAN"]
[Date "2017.07.16"]
[Round "9"]
[White "Ai, Amy"]
[Black "Wang, Daniel Z"]
[Result "1-0"]
[WhiteElo "1260"]
[BlackElo "980"]
[WhiteFideId "-1"]
[WhiteFideId "-1"]
[PlyCount "103"]
[GameId "2160767908344056"]
[EventDate "2017.07.08"]
[EventType "swiss"]
[EventRounds "9"]
[EventCountry "CAN"]

1. e4 c5 2. c3 g6 3. d4 cxd4 4. cxd4 d5 5. exd5 Nf6 6. Nf3 Nxd5 7. Nc3 Bg7 8. Bc4 Nxc3 9. bxc3 Nc6 10. h3 e6 11. O-O O-O 12. Be3 b6 13. Qd2 Bb7 14. Bh6 Qf6 15. Bxg7 Qxg7 16. Rfe1 Rad8 17. Qc2 Rfe8 18. Rad1 Na5 19. Be2 Re7 20. Nd2 Rc7 21. Nb3 Nxb3 22. axb3 Rxd4 23. Rxd4 Qxd4 24. Qxg6+ hxg6 25. cxd4 Rd7 26. Rd1 f6 27. Bc4 Bd5 28. Bxd5 Rxd5 29. Kf1 e5 30. Ke2 Rxd4 31. Rxd4 exd4 32. Kd3 Kf7 33. Kxd4 Ke6 34. Kc4 Kd6 35. Kb5 Kc7 36. Ka6 Kb8 37. f4 Kc7 38. Kxa7 Kd6 39. Kxb6 Kd5 40. b4 Ke4 41. g3 Kf3 42. Kc5 Kxg3 43. b5 Kxh3 44. b6 g5 45. fxg5 fxg5 46. b7 g4 47. b8=Q g3 48. Qh8+ Kg2 49. Kd4 Kg1 50. Ke3 g2 51. Kf3 Kf1 52. Qa1# 1-0